000
00302 a2200133 4500
000
nam a22 7a 4500
100
_a
Abha Pandey
110
_a
Abha Pandey
245
_a
Lipschutz Data Structures
250
_a
latest edition
260
_b
Pearson
_c
2026
264
_b
Pearson
_c
2026
942
_c
BK
999
_c
397196
_d
397196